000 00441pab a2200169 454500
008 180718b2011 xxu||||| |||| 00| 0 eng d
100 _aSharma, Seema
245 _aCorporate social responsibility in India
260 _c2011
300 _aP.637-649.
362 _aApr
650 _aSocial responsibility - iNDIA
650 _aSocial responsibility
773 _aIndian Journal of Industrial Relations
908 _aN
909 _a91859
999 _c91859
_d91859